Sports Quiz

Random Sports or NFL Quiz
Score 0/10 Timer 04:00
14 Plays Today
Starts Player % Correct
192Peyton Manning
99.2%
86Andrew Luck
97.2%
30Jacoby Brissett
75.8%
8Curtis Painter
60.9%
8Matt Hasselbeck
56.5%
1Brian Hoyer
47.6%
2Scott Tolzien
35.6%
3Kerry Collins
34.8%
5Dan Orlovsky
32.3%
1Josh Freeman
22.7%

You're not logged in!

Compare scores with friends on all Sporcle quizzes.
OR
Log In

Sporcle TV

Today on Sporcle TV


Watch our educational content, quiz creation guides, and fun videos on Sporcle TV.

Show Comments

Extras

Top Quizzes Today


Score Distribution

Paid Content

Your Account Isn't Verified!

In order to create a playlist on Sporcle, you need to verify the email address you used during registration. Go to your Sporcle Settings to finish the process.

Report this User

Report this user for behavior that violates our Community Guidelines.

Details: